00309nam a2200109Ia 4500008004000000082001600040100001800056245006600074260002300140300000800163650002800171210210b1980 xxu||||| |||| 00| 0 eng d a343.02 MATR aMATHEW (K K). aRight to equality and property under the indian constitution. aNDbNationalc1980 a108 aright equality property